000
00283nam a2200109Ia 4500
008
230312s9999||||xx |||||||||||||| ||und||
082
_a
759.940
_b
PAN-T
100
_a
Pande:Anupa
245
4
_a
The art of central asia and the indian subcontinent
650
_a
Architecture
942
_c
BK
999
_c
14522
_d
14522